Normal view
MARC view
- Muhammad Ukasha
Entry Personal Name
001 - CONTROL NUMBER
- control field: 36021
003 - CONTROL NUMBER IDENTIFIER
- control field: NUST
005 - DATE AND TIME OF LATEST TRANSACTION
- control field: 20210312152101.0
008 - FIXED-LENGTH DATA ELEMENTS
- fixed length control field: 210312|| aca||aabn | a|a d
040 ## - CATALOGING SOURCE
- Original cataloging agency: NUST
- Transcribing agency: NUST
100 ## - HEADING--PERSONAL NAME
- Personal name: Muhammad Ukasha
670 ## - SOURCE DATA FOUND
- Source citation: Work cat.: (NUST)15089: Amin, Muhammad Tayyab 36015, Evaluation of Concrete Core Testing & Pile Rafts and Compensated Pile Rafts, 2020.
